| 000 | 00324nam a22001217a 4500 | ||
|---|---|---|---|
| 082 |
_a669.3 _bBRA _cL-17, P-7 |
||
| 245 | _aBrasses and other Copper-Zinc Alloys | ||
| 250 | _a6th Rev Impression | ||
| 260 |
_aEngland _bCDA _cc1948 |
||
| 300 |
_ap53 _bill _c12cm |
||
| 526 |
_a0 _b0 _c0 _d669_300000000000000_BRA |
||
| 942 |
_2ddc _cBK |
||
| 999 |
_c548897 _d548897 |
||